Arrendamientos Urbanos Legislacin̤ y comentarios /

Bibliographic Details
Main Author: Loscertales Fuertes, Daniel
Format: eBook
Language:Spanish
Published: Madrid: Dykinson, 2020
Subjects:
Online Access:Acceso restringido

MARC

LEADER 00000nam a22000007a 4500
005 20201103222128.0
007 cr|||| |||
008 201103s2020 es |||||s|||| 00||0 spa d
020 |a 978-84-1377-090-1 
035 |a 32299 
040 |a vLex 
090 |c 10834  |d 10834 
100 1 |a Loscertales Fuertes, Daniel 
245 1 0 |a Arrendamientos Urbanos  |h [Recurso electrn̤ico] :  |b Legislacin̤ y comentarios /  |c Daniel Loscertales Fuertes 
256 |a Servicio en ln̕ea 
260 |a Madrid:  |b Dykinson,  |c 2020 
300 |a 1 recurso electrn̤ico 
500 |a Los arrendamientos urbanos son un tema esencial para la convivencia y necesidad de los espaǫles, pero resulta que tenemos un conglomerado de normativa diferente que se aplica segn︢ la fecha del contrato. Este libro, cuyo autor Daniel Loscertales Fuertes es la referencia jurd̕ica mx̀ima en esta materia, comenta y explica la situacin̤ de cada uno de los arrendamientos, firmados en base al Decreto 4104/1964, Real Decreto Ley 2/1985, LAU 29/1994, Ley 4/2013 y Reales Decretos Leyes 21/2018 y 7/2019, pues existen contratos vigentes de cada una de la normas indicadas. La presente obra es absolutamente necesaria para que, sobre todo los profesionales, puedan actuar con seguridad en el campo de los arrendamientos urbanos existentes y los que se puedan llevar a cabo en la actualidad, sabiendo las ventajas e inconvenientes de cada supuesto. Estamos ante la 11® edicin̤, aunque la 1® de Editorial Dykinson, pues esta editorial considera que realmente es necesario poner al da̕ un tema tan complejo, con la autora̕ de un gran jurista plenamente reconocido en este campo. La obra incluye anexos y formularios sobre modelos de contratos de arrendamientos vivienda y locales (uso distinto) y tambiň los acuerdos de la junta de propietarios sobre los arrendamientos “turs̕ticos”. 
506 1 |a Disponible solo en los productos indicados  |d vLex Global  |d vLex Global (Academic Edition, excluding Law Schools)  |d vLex Global (U.S. Academic Edition, Law Schools)  |d vLex Global (U.S. Academic Edition, excluding Law Schools)  |d vLex Global (Academic Edition, Law Schools) 
650 0 4 |a Derecho Civil  |z Espaą 
740 0 |a vLex Libros (Servicio en ln̕ea) 
856 4 0 |u http://vlex.com/source/arrendamientos-urbanos-legislacion-y-comentarios-32299  |z Acceso restringido 
942 |c BOOK 
999 0 |a Civil Law